Spectral order automorphisms on Hilbert space effects and observables the 2-dimensional case /

Elmentve itt :
Bibliográfiai részletek
Szerzők: Molnár Lajos
Nagy Gergő
Dokumentumtípus: Cikk
Megjelent: 2016
Sorozat:LETTERS IN MATHEMATICAL PHYSICS 106 No. 4
Tárgyszavak:
doi:10.1007/s11005-016-0830-1

mtmt:3038620
Online Access:http://publicatio.bibl.u-szeged.hu/37397
LEADER 00822nab a2200217 i 4500
001 publ37397
005 20250806152626.0
008 250806s2016 hu o 000 eng d
022 |a 0377-9017 
024 7 |a 10.1007/s11005-016-0830-1  |2 doi 
024 7 |a 3038620  |2 mtmt 
040 |a SZTE Publicatio Repozitórium  |b hun 
041 |a eng 
100 1 |a Molnár Lajos 
245 1 0 |a Spectral order automorphisms on Hilbert space effects and observables  |h [elektronikus dokumentum] :  |b the 2-dimensional case /  |c  Molnár Lajos 
260 |c 2016 
300 |a 535-544 
490 0 |a LETTERS IN MATHEMATICAL PHYSICS  |v 106 No. 4 
650 4 |a Matematika 
700 0 1 |a Nagy Gergő  |e aut 
856 4 0 |u http://publicatio.bibl.u-szeged.hu/37397/1/SpectralOrderAutomorphismsonHilbertSpaceEffectsandObservablesThe2-DimensionalCase.pdf  |z Dokumentum-elérés